|
|
|
|
| LEADER |
00000ngm a22000007a 4500 |
| 001 |
030915 |
| 003 |
UAHC_CL |
| 005 |
20170803123254.0 |
| 008 |
130502s1968 xxr130 e vleng d |
| 040 |
|
|
|a UAHC_CL
|c UAHC_CL
|d UAHC_CL
|
| 245 |
1 |
0 |
|a Sympathy for the devil /
|c Jean Luc Godard.
|
| 260 |
|
|
|c 1968
|a Reino Unido
|b Emerald
|
| 300 |
|
|
|a 1 videodiscos (97 min.)
|
| 520 |
|
|
|a Tomando como trasfondo el panorama cultural de finales de los 60, Jean-Luc Godard nos ofrece en este documental un testimonio imprescindible de lo que se dio en llamar la contracultura occidental. Con un análisis profundo del movimiento de los Panteras Negras y con referencias a los trabajos de personajes tan relevantes como LeRoi Jones y Eldridge Cleaver, recorremos momentos significativos como una visita a los Rolling Stones en el estudio de grabación. En el DVD se ofrecen las dos versiones que existen de esta película: la del montaje del director y la del montaje del productor.
|
| 650 |
|
4 |
|a CINE
|
| 653 |
|
|
|a LICENCIATURA EN CINE
|
| 700 |
1 |
|
|a Godard, Jean Luc
|e dir.
|
| 900 |
|
|
|a DVD-634
|
| 942 |
|
|
|c VHS
|
| 952 |
|
|
|0 0
|1 0
|4 0
|6 DVD_634
|7 0
|8 Referencia
|9 60333
|a BC
|b BC
|c Referencia
|d 2017-08-03
|l 0
|o DVD-634
|p 1410290
|r 2021-12-01 00:00:00
|t 1
|w 2017-08-03
|y DVD
|
| 999 |
|
|
|c 30915
|d 30915
|